000 00318nam a22001457a 4500
008 221118b ||||| |||| 00| 0 eng d
020 _a0896031578
041 _aeng
080 _a32
082 _a32COH
100 _a32
101 _aJURE
245 _aREPRODUCTIVE LAWS FOR THE 1990s
_cCOHEN SH
942 _2udc
_cBK
999 _c58944
_d58944